[Event "Moscow Aeroflot op-A 18th"]
[Site "Moscow"]
[Date "2019.02.23"]
[Round "4"]
[White "Schitco, Ivan"]
[Black "Gagare, Shardul"]
[Result "0-1"]
[WhiteElo "2426"]
[BlackElo "2495"]
[PlyCount "70"]
[EventDate "2019.02.20"]
[EventType "swiss"]
[EventRounds "9"]
[EventCountry "RUS"]
[SourceTitle "CBM 189"]
[Source "ChessBase"]
[SourceDate "2019.04.29"]
[SourceVersion "1"]
[SourceVersionDate "2019.04.29"]
[SourceQuality "1"]

1. c4 e5 2. g3 Nf6 3. Bg2 c6 4. d4 e4 5. Nc3 d5 6. Bg5 Bb4 7. Qb3 Bxc3+ 8. bxc3
Nbd7 9. f3 h6 10. Bc1 O-O 11. fxe4 dxe4 12. Nh3 c5 13. O-O b6 14. Nf4 Ba6 15.
Ba3 Qc8 16. Qa4 Bb7 17. Bh3 Bc6 18. Qb3 Qa6 19. Nd5 Bxd5 20. cxd5 Qxe2 21. Rae1
Qh5 22. Kg2 Rfe8 23. d6 Rad8 24. Rf5 Qg6 25. Qd1 Re6 26. dxc5 bxc5 27. Rf4 Re5
28. c4 Rg5 29. Bb2 Ne5 30. Bxe5 Rxe5 31. d7 Nxd7 32. Rf2 e3 33. Bxd7 Re7 34.
Qg4 exf2 35. Rxe7 Qf6 0-1

[Event "Moscow Aeroflot op-A 18th"]
[Site "Moscow"]
[Date "2019.02.23"]
[Round "4"]
[White "Sjugirov, Sanan"]
[Black "Abdusattorov, Nodirbek"]
[Result "1/2-1/2"]
[WhiteElo "2663"]
[BlackElo "2560"]
[PlyCount "144"]
[EventDate "2019.02.20"]
[EventType "swiss"]
[EventRounds "9"]
[EventCountry "RUS"]
[SourceTitle "CBM 189"]
[Source "ChessBase"]
[SourceDate "2019.04.29"]
[SourceVersion "1"]
[SourceVersionDate "2019.04.29"]
[SourceQuality "1"]

1. d4 Nf6 2. c4 e6 3. Nf3 d5 4. Nc3 Be7 5. Bf4 O-O 6. e3 Nbd7 7. c5 Ne4 8. Rc1
Nxc3 9. Rxc3 c6 10. Bd3 b6 11. b4 a5 12. a3 axb4 13. axb4 bxc5 14. bxc5 Qa5 15.
Qc1 Ba6 16. O-O Bxd3 17. Rxd3 Ra7 18. Rb3 Rfa8 19. Qb2 f6 20. Rb1 Qa2 21. Qc1
Qe2 22. h3 Kf7 23. Bg3 Qa2 24. Ne1 Qa6 25. Nd3 Qc8 26. Qd1 g6 27. Qf3 Ra1 28.
e4 R8a4 29. Rxa1 Rxa1+ 30. Kh2 Ra4 31. exd5 exd5 32. Qe3 Ra7 33. Bd6 Nf8 34.
Rb6 Rb7 35. Kg1 Bd8 36. Rb4 Rxb4 37. Nxb4 Qb7 38. Bxf8 Kxf8 39. Qa3 Qe7 40. Kf1
Qe4 41. Qa1 Bc7 42. Nxc6 Qd3+ 43. Kg1 Qb5 44. Na7 Qb7 45. c6 Qb6 46. g3 Bb8 47.
Qa3+ Kf7 48. Qe7+ Kxe7 49. Nc8+ Ke6 50. Nxb6 Bc7 51. Nc8 h5 52. Kf1 f5 53. Ke2
g5 54. Kd3 g4 55. hxg4 fxg4 56. Ke3 Ba5 57. Ke2 Bd8 58. Kf1 Ba5 59. Kg2 Bd8 60.
Kg1 Bc7 61. Kf1 Ba5 62. Kg2 Bd8 63. f4 gxf3+ 64. Kxf3 Ba5 65. Kg2 Be1 66. Nb6
Kd6 67. Nxd5 Kxc6 68. Nf4 Bc3 69. d5+ Kd6 70. Kh3 Be1 71. Nxh5 Bxg3 72. Kxg3
Kxd5 1/2-1/2

[Event "Moscow Aeroflot op-A 18th"]
[Site "Moscow"]
[Date "2019.02.23"]
[Round "4"]
[White "Svane, Rasmus"]
[Black "Mamedov, Rauf"]
[Result "1/2-1/2"]
[WhiteElo "2599"]
[BlackElo "2703"]
[Annotator "Krasenkow,M"]
[PlyCount "52"]
[EventDate "2019.02.20"]
[EventType "swiss"]
[EventRounds "9"]
[EventCountry "RUS"]
[SourceTitle "CBM 189"]
[Source "ChessBase"]
[SourceDate "2019.04.29"]
[SourceVersion "1"]
[SourceVersionDate "2019.04.29"]
[SourceQuality "1"]

{[%evp 0,52,19,35,19,-13,-10,4,82,45,32,14,30,23,23,28,68,55,49,53,45,23,20,30,
35,33,49,56,44,26,50,29,28,28,39,49,30,52,33,3,14,7,15,-8,13,23,45,44,63,22,39,
43,41,41,29]} 1. d4 d5 2. c4 e6 3. Nc3 c5 4. cxd5 exd5 5. Nf3 Nc6 6. dxc5 {
An underestimated but good reaction to the Tarrasch defense.} d4 7. Na4 Bxc5 8.
Nxc5 Qa5+ 9. Bd2 ({Simplifications after} 9. Qd2 Qxc5 10. e3 dxe3 11. Qxe3+
Qxe3+ 12. Bxe3 $14 {are not to everyone's taste.}) 9... Qxc5 10. Rc1 Qb6 11. e3
Nf6 (11... dxe3 12. Bxe3 Qxb2 13. Bc4 $44 {was seen in a number of games.}) 12.
Bc4 dxe3 (12... O-O 13. O-O Bg4 14. exd4 {is rather favorable for White, e.g.}
Nxd4 (14... Rad8 15. Bc3 Bxf3 16. Qxf3 Nxd4 17. Qf4 $14 {1-0 (24) Narciso
Dublan,M (2533)-Pinsach Gelabert,A (2140) Barcelona 2014}) 15. Be3 Bxf3 16.
Qxd4 Qxd4 17. Bxd4 Bc6 18. Rfd1 Rfd8 19. f3 $14 {1/2 (57) Horvath,D (2371)
-Georgiadis,N (2394) Maribor 2013}) 13. Bxe3 Qb4+ (13... Qxb2 $2 14. O-O O-O
15. Rc2 Qa3 16. Bc5 $1 $18) 14. Bd2 (14. Kf1 $6 Be6 15. Bxe6 fxe6 16. Kg1 $13 {
[%cal Yh2h3,Yg1h2]} (16. Qe2 Qa5 17. Ng5 Qxa2 18. Qb5 O-O 19. Qxb7 Rac8 $17 {
[%csl Rf1] 1-0 (52) Krasenkow,M (2604)-Koch,J (2484) Belfort 2012})) (14. Qd2
Qxd2+ 15. Kxd2 O-O 16. Rhd1 Be6 17. Bxe6 fxe6 18. Ke2 $14 {1-0 (54) Short,N 
(2684)-Gara,A (2339) Caleta 2016}) 14... Qe7+ 15. Qe2 {Going for the endgame
after all.} (15. Be2 {is a sharper alternative.} O-O (15... Ne4 16. Be3 O-O 17.
O-O Rd8 18. Qa4 $14 {1-0 (32) Kierzek,M (2277)-Vikulov,A (2205) Sabadell 2017})
16. O-O Bg4 (16... Rd8 17. Re1 Ne4 18. Bb5 Bg4 19. Bxc6 bxc6 {1/2 (22) L'Ami,E
(2615)-Aagaard,J (2506) Helsingor 2012} 20. Qc2 $16) 17. Re1 Qd7 18. h3 Bh5 19.
Bc3 {(trading queens after all!)} Qxd1 20. Rexd1 Rfe8 21. Bb5 Bxf3 22. gxf3 $14
{1-0 (45) Wojtaszek,R (2744)-Moranda,W (2591) Wroclaw 2014}) 15... Qxe2+ 16.
Kxe2 Be6 (16... O-O $5 17. Rhd1 Re8+ 18. Be3 Be6 19. Bxe6 Rxe6 {although White
keeps an edge here, too.}) 17. Bxe6 fxe6 18. Rc4 O-O 19. Rhc1 {White's rook
has little to do here.} (19. Re1 $14 {[%cal Ye2f1]}) 19... Rad8 20. Be3 Nd5 21.
Ng5 Rf6 22. Ne4 Rf5 23. Nc5 (23. f3 $14) 23... Nxe3 24. Kxe3 (24. fxe3 $5 Rdf8
25. Nd3 $14) 24... Ne5 25. Re4 Rc8 26. Rc3 (26. Nd3 Rxc1 27. Nxc1 {was the
last chance to fight on but Rasmus Svane was satisfied with a draw against a
2700+ player.}) 26... Ng4+ (26... Ng4+ 27. Rxg4 Rfxc5 28. Rxc5 Rxc5 29. Rd4 Kf8
{, and Black should easily hold this rook endgame.}) 1/2-1/2

[Event "Moscow Aeroflot op-A 18th"]
[Site "Moscow"]
[Date "2019.02.23"]
[Round "4"]
[White "Tabatabaei, Mohammad Amin"]
[Black "Kobalia, Mihail"]
[Result "1-0"]
[WhiteElo "2590"]
[BlackElo "2627"]
[PlyCount "65"]
[EventDate "2019.02.20"]
[EventType "swiss"]
[EventRounds "9"]
[EventCountry "RUS"]
[SourceTitle "CBM 189"]
[Source "ChessBase"]
[SourceDate "2019.04.29"]
[SourceVersion "1"]
[SourceVersionDate "2019.04.29"]
[SourceQuality "1"]

1. Nf3 d5 2. g3 Nf6 3. Bg2 c6 4. O-O Bg4 5. h3 Bh5 6. d4 e6 7. c4 Be7 8. Nc3
Nbd7 9. Ne5 Nxe5 10. dxe5 Nd7 11. cxd5 exd5 12. f4 f5 13. Be3 O-O 14. Rc1 Kh8
15. Kh2 g5 16. Qd2 gxf4 17. gxf4 Rg8 18. Rg1 Qf8 19. Bd4 Bc5 20. b4 Bxd4 21.
Qxd4 Qh6 22. Bxd5 cxd5 23. Nxd5 Bg4 24. Rg3 Rg7 25. e6 Nf8 26. e7 Ng6 27. Nc7
Nxe7 28. Nxa8 Nc6 29. Qf2 Qh4 30. Kg1 Re7 31. hxg4 Rxe2 32. Qxe2 Qxg3+ 33. Kh1
1-0

[Event "Moscow Aeroflot op-A 18th"]
[Site "Moscow"]
[Date "2019.02.23"]
[Round "4"]
[White "Vaibhav, Suri"]
[Black "Harika, Dronavalli"]
[Result "1-0"]
[WhiteElo "2575"]
[BlackElo "2471"]
[PlyCount "111"]
[EventDate "2019.02.20"]
[EventType "swiss"]
[EventRounds "9"]
[EventCountry "RUS"]
[SourceTitle "CBM 189"]
[Source "ChessBase"]
[SourceDate "2019.04.29"]
[SourceVersion "1"]
[SourceVersionDate "2019.04.29"]
[SourceQuality "1"]

1. e4 g6 2. d4 Bg7 3. Nc3 c6 4. Nf3 d6 5. Be3 Nf6 6. Qd2 Nbd7 7. Bh6 O-O 8. h4
Bxh6 9. Qxh6 Ng4 10. Qd2 e5 11. h5 Nb6 12. hxg6 fxg6 13. dxe5 dxe5 14. Qxd8
Rxd8 15. Rd1 Rxd1+ 16. Nxd1 Bd7 17. b3 Kg7 18. Nb2 Re8 19. Nd3 Bc8 20. g3 Nf6
21. Nd2 Be6 22. Nc5 Bc8 23. Bg2 Nbd7 24. Nd3 b6 25. Ke2 Ba6 26. c4 c5 27. Nb1
b5 28. cxb5 Bxb5 29. Na3 Bxd3+ 30. Kxd3 Re6 31. Nc4 Nb8 32. Bh3 Re8 33. Na5 Na6
34. Nc6 c4+ 35. Ke3 Nc5 36. Rc1 Ncxe4 37. Rxc4 Ng5 38. Bg2 e4 39. Nxa7 Rf8 40.
f4 exf3 41. Bxf3 Re8+ 42. Kf2 Rd8 43. Rc2 Rd3 44. Bc6 Nfe4+ 45. Ke2 Rxg3 46. b4
h5 47. b5 h4 48. b6 Rg2+ 49. Ke3 h3 50. b7 h2 51. Rc1 Rg3+ 52. Kf4 Rg1 53. Bxe4
Nxe4 54. b8=Q Rxc1 55. Qb2+ Nf6 56. Qxc1 1-0

[Event "Moscow Aeroflot op-A 18th"]
[Site "Moscow"]
[Date "2019.02.23"]
[Round "4"]
[White "Van Foreest, Jorden"]
[Black "Xu, Yinglun"]
[Result "1/2-1/2"]
[WhiteElo "2618"]
[BlackElo "2512"]
[PlyCount "61"]
[EventDate "2019.02.20"]
[EventType "swiss"]
[EventRounds "9"]
[EventCountry "RUS"]
[SourceTitle "CBM 189"]
[Source "ChessBase"]
[SourceDate "2019.04.29"]
[SourceVersion "1"]
[SourceVersionDate "2019.04.29"]
[SourceQuality "1"]

1. e4 c5 2. Nf3 d6 3. d4 cxd4 4. Nxd4 Nf6 5. Nc3 a6 6. h3 e6 7. g4 d5 8. Nde2
Nxe4 9. Nxe4 dxe4 10. Qxd8+ Kxd8 11. Bd2 Bd7 12. Bg2 Bc5 13. Bxe4 Bc6 14. Ng3
Ke7 15. O-O-O f6 16. f4 Bf2 17. Bxc6 Nxc6 18. Ne4 Ba7 19. f5 Rhd8 20. fxe6 Kxe6
21. Rhe1 Ne5 22. Bf4 Rxd1+ 23. Rxd1 Nf7 24. Ng3 Bb8 25. Bxb8 Rxb8 26. Nh5 Rg8
27. Nf4+ Ke7 28. Rd3 Rd8 29. Re3+ Ne5 30. Nd3 Rd5 31. Nxe5 1/2-1/2

[Event "Moscow Aeroflot op-A 18th"]
[Site "Moscow"]
[Date "2019.02.23"]
[Round "4"]
[White "Vishnu, Prasanna V"]
[Black "Macovei, Andrei"]
[Result "1/2-1/2"]
[WhiteElo "2524"]
[BlackElo "2435"]
[PlyCount "105"]
[EventDate "2019.02.20"]
[EventType "swiss"]
[EventRounds "9"]
[EventCountry "RUS"]
[SourceTitle "CBM 189"]
[Source "ChessBase"]
[SourceDate "2019.04.29"]
[SourceVersion "1"]
[SourceVersionDate "2019.04.29"]
[SourceQuality "1"]

1. c4 Nf6 2. g3 e5 3. Bg2 Nc6 4. Nc3 Bb4 5. e4 O-O 6. Nge2 a6 7. O-O Bc5 8. d3
d6 9. h3 h6 10. Kh2 Rb8 11. a3 Nd4 12. Be3 b5 13. b4 Nxe2 14. Qxe2 Bxe3 15.
Qxe3 bxc4 16. dxc4 a5 17. b5 Be6 18. Qe2 Nd7 19. Rab1 Nb6 20. Nd5 Bxd5 21. cxd5
Nd7 22. h4 Nc5 23. Bh3 Qe7 24. Rfc1 Rb6 25. Rc4 a4 26. Qc2 Ra8 27. Bf1 Ra5 28.
Rc3 h5 29. Bc4 g6 30. Qe2 Kg7 31. Kg2 Ra8 32. Qc2 Rh8 33. Be2 Rf8 34. Rb4 f5
35. exf5 Rxf5 36. Bd3 Rf6 37. Rxa4 Rb8 38. Ra7 e4 39. Bc4 Rxb5 40. Bf1 Rf7 41.
Re3 Qf6 42. Qc3 Qxc3 43. Rxc3 Rb2 44. Re3 Rd2 45. Be2 Ra2 46. f4 Nb3 47. Ra4
Nc5 48. Ra8 Nd7 49. Kh3 Nb6 50. Ra5 Rf5 51. Ra7 Nxd5 52. Bc4 Rc2 53. Bxd5
1/2-1/2

[Event "Moscow Aeroflot op-A 18th"]
[Site "Moscow"]
[Date "2019.02.23"]
[Round "4"]
[White "Xu, Yi"]
[Black "Indjic, Aleksandar"]
[Result "1/2-1/2"]
[WhiteElo "2520"]
[BlackElo "2630"]
[PlyCount "31"]
[EventDate "2019.02.20"]
[EventType "swiss"]
[EventRounds "9"]
[EventCountry "RUS"]
[SourceTitle "CBM 189"]
[Source "ChessBase"]
[SourceDate "2019.04.29"]
[SourceVersion "1"]
[SourceVersionDate "2019.04.29"]
[SourceQuality "1"]

1. e4 e5 2. Nf3 Nc6 3. Bc4 Nf6 4. d3 Bc5 5. O-O d6 6. c3 a6 7. Bb3 h6 8. Nbd2
Ba7 9. Re1 Be6 10. Nf1 Bxb3 11. Qxb3 Rb8 12. Be3 Bxe3 13. Nxe3 O-O 14. Nd5 Re8
15. Rad1 Nxd5 16. Qxd5 1/2-1/2

[Event "Moscow Aeroflot op-A 18th"]
[Site "Moscow"]
[Date "2019.02.23"]
[Round "4"]
[White "Zhou, Jianchao"]
[Black "Antipov, Mikhail Al"]
[Result "1/2-1/2"]
[WhiteElo "2615"]
[BlackElo "2589"]
[PlyCount "37"]
[EventDate "2019.02.20"]
[EventType "swiss"]
[EventRounds "9"]
[EventCountry "RUS"]
[SourceTitle "CBM 189"]
[Source "ChessBase"]
[SourceDate "2019.04.29"]
[SourceVersion "1"]
[SourceVersionDate "2019.04.29"]
[SourceQuality "1"]

1. d4 Nf6 2. Nf3 c6 3. Bf4 Qb6 4. Qc1 Nh5 5. Bd2 g6 6. a4 d6 7. Na3 Bg4 8. Nc4
Qc7 9. c3 Nd7 10. Ng5 h6 11. Ne3 hxg5 12. Nxg4 f5 13. h3 Bg7 14. Qc2 d5 15.
Bxg5 O-O-O 16. Nh2 Ng3 17. Rg1 Nxe2 18. Bxe2 Qxh2 19. O-O-O 1/2-1/2

[Event "Moscow Aeroflot op-A 18th"]
[Site "Moscow"]
[Date "2019.02.23"]
[Round "5"]
[White "Aditya, Mittal"]
[Black "Hakobyan, Aram"]
[Result "1/2-1/2"]
[WhiteElo "2454"]
[BlackElo "2545"]
[PlyCount "179"]
[EventDate "2019.02.20"]
[EventType "swiss"]
[EventRounds "9"]
[EventCountry "RUS"]
[SourceTitle "CBM 189"]
[Source "ChessBase"]
[SourceDate "2019.04.29"]
[SourceVersion "1"]
[SourceVersionDate "2019.04.29"]
[SourceQuality "1"]

1. d4 Nf6 2. c4 e6 3. Nc3 Bb4 4. e3 b6 5. Bd3 Bb7 6. Nf3 O-O 7. O-O Qe7 8. Bd2
d6 9. Ne1 Nbd7 10. Nc2 a5 11. f3 d5 12. a3 Bxc3 13. bxc3 c5 14. cxd5 exd5 15.
Re1 Rfe8 16. g4 Nf8 17. Bb5 Rec8 18. Re2 Ne8 19. Ne1 Nd6 20. Bd3 Ne6 21. Qb1 g6
22. Ng2 Ba6 23. Bxa6 Rxa6 24. Qd3 b5 25. e4 dxe4 26. fxe4 cxd4 27. cxd4 Nc4 28.
Bc3 Qd6 29. d5 Ne5 30. Bxe5 Qxe5 31. Rf1 Ng5 32. Re3 Rc4 33. a4 Rxe4 34. axb5
Rd6 35. Rxe4 Nxe4 36. Re1 f5 37. gxf5 gxf5 38. Qg3+ Qxg3 39. hxg3 Rxd5 40. b6
Rb5 41. Ne3 Rxb6 42. Nxf5 Nd6 43. Nxd6 Rxd6 44. Re8+ Kg7 45. Ra8 Rd5 46. Ra7+
Kg6 47. g4 h6 48. Kf2 Kg5 49. Kf3 Rd3+ 50. Ke4 Rg3 51. Rxa5+ Kxg4 52. Ra8 h5
53. Rg8+ Kh3 54. Rh8 h4 55. Kf4 Rb3 56. Rh7 Ra3 57. Rh8 Ra7 58. Kf3 Rf7+ 59.
Ke2 Kg3 60. Rg8+ Kh2 61. Rh8 h3 62. Rg8 Rf6 63. Rg7 Rf8 64. Rg6 Ra8 65. Kf2
Ra2+ 66. Kf3 Kh1 67. Rh6 Kh2 68. Rg6 Rc2 69. Rg8 Rg2 70. Rh8 Rg5 71. Kf2 Rf5+
72. Ke2 Rf7 73. Rg8 Kh1 74. Rh8 h2 75. Rg8 Rf6 76. Rg7 Ra6 77. Kf2 Ra2+ 78. Kf1
Ra1+ 79. Kf2 Rg1 80. Rh7 Rg2+ 81. Kf1 Rg3 82. Kf2 Rg4 83. Rf7 Rg1 84. Rh7 Rb1
85. Rg7 Rb6 86. Rg8 Rf6+ 87. Ke2 Rf5 88. Rg7 Ra5 89. Kf2 Rg5 90. Rxg5 1/2-1/2

[Event "Moscow Aeroflot op-A 18th"]
[Site "Moscow"]
[Date "2019.02.23"]
[Round "5"]
[White "Afanasiev, Nikita"]
[Black "Iniyan, Panneerseluam"]
[Result "1/2-1/2"]
[WhiteElo "2508"]
[BlackElo "2480"]
[PlyCount "239"]
[EventDate "2019.02.20"]
[EventType "swiss"]
[EventRounds "9"]
[EventCountry "RUS"]
[SourceTitle "CBM 189"]
[Source "ChessBase"]
[SourceDate "2019.04.29"]
[SourceVersion "1"]
[SourceVersionDate "2019.04.29"]
[SourceQuality "1"]

1. d4 Nf6 2. Nf3 g6 3. g3 Bg7 4. Bg2 d6 5. O-O O-O 6. a4 a5 7. Re1 Nbd7 8. e4
e5 9. Nc3 c6 10. h3 Re8 11. Be3 exd4 12. Bxd4 Qc7 13. b3 b6 14. Nd2 Bb7 15. Nc4
Rad8 16. Qd2 Nc5 17. Rad1 Ba6 18. Ne3 Qe7 19. g4 h6 20. Qc1 Qb7 21. Nc4 Bxc4
22. bxc4 Ne6 23. Nb5 Qe7 24. Nc3 Nxd4 25. Rxd4 Nxg4 26. e5 Nxe5 27. Rde4 Qd7
28. Qd1 f5 29. R4e3 Kh7 30. Qe2 f4 31. Re4 d5 32. cxd5 cxd5 33. Rxf4 Nc4 34.
Be4 dxe4 35. Qxc4 Qd2 36. Re3 Rc8 37. Nxe4 Rxc4 38. Nxd2 Rxf4 39. Rxe8 Rxa4 40.
Re7 Rd4 41. Ne4 Kg8 42. f3 Rc4 43. Re8+ Kh7 44. Re7 Rc6 45. Kf1 g5 46. Rb7 Rxc2
47. Rxb6 a4 48. Ra6 Ra2 49. Ng3 a3 50. Ra7 Kg8 51. Ne4 Bh8 52. Ke1 Bg7 53. Kd1
Ra1+ 54. Kc2 Bb2 55. Ng3 Rc1+ 56. Kd3 Rc3+ 57. Ke4 Rc4+ 58. Kf5 Rf4+ 59. Kg6
Rf6+ 60. Kh5 Rxf3 61. Ne4 Rxh3+ 62. Kg6 Kf8 63. Nd6 Rf3 64. Nf5 Ke8 65. Nxh6
Bc1 66. Nf7 Rc3 67. Kf5 Rc2 68. Ke6 Rc6+ 69. Kd5 Rf6 70. Nxg5 Bxg5 71. Rxa3 Kf7
72. Ke5 Rb6 73. Kd5 Rb1 74. Ra6 Bf6 75. Rc6 Kg6 76. Rc2 Rd1+ 77. Ke4 Rd4+ 78.
Ke3 Ra4 79. Rc8 Kf5 80. Rf8 Ra3+ 81. Ke2 Ke5 82. Re8+ Kd4 83. Kf2 Be5 84. Ke2
Re3+ 85. Kd2 Rh3 86. Ke2 Ke4 87. Re7 Rh2+ 88. Ke1 Ra2 89. Re8 Kd4 90. Kf1 Bf4
91. Re2 Ra3 92. Kf2 Be3+ 93. Kf3 Rb3 94. Ra2 Bc1+ 95. Kg4 Ba3 96. Ra1 Re3 97.
Ra2 Ke4 98. Ra1 Bb2 99. Ra8 Bd4 100. Ra4 Re1 101. Rb4 Rg1+ 102. Kh4 Rd1 103.
Kg4 Rf1 104. Ra4 Rf4+ 105. Kg5 Rf7 106. Kg4 Rd7 107. Rb4 Rg7+ 108. Kh4 Rg8 109.
Ra4 Ke3 110. Kh5 Be5 111. Rg4 Rh8+ 112. Kg5 Bf4+ 113. Kf5 Rf8+ 114. Ke6 Ke4
115. Rg1 Ra8 116. Re1+ Be3 117. Re2 Kf3 118. Re1 Bf4 119. Rf1+ Ke4 120. Re1+
1/2-1/2

[Event "Moscow Aeroflot op-A 18th"]
[Site "Moscow"]
[Date "2019.02.23"]
[Round "5"]
[White "Antipov, Mikhail Al"]
[Black "Deac, Bogdan Daniel"]
[Result "1/2-1/2"]
[WhiteElo "2589"]
[BlackElo "2603"]
[PlyCount "48"]
[EventDate "2019.02.20"]
[EventType "swiss"]
[EventRounds "9"]
[EventCountry "RUS"]
[SourceTitle "CBM 189"]
[Source "ChessBase"]
[SourceDate "2019.04.29"]
[SourceVersion "1"]
[SourceVersionDate "2019.04.29"]
[SourceQuality "1"]

1. Nf3 d5 2. g3 g6 3. Bg2 Bg7 4. d4 Nf6 5. O-O O-O 6. Bf4 b6 7. Qc1 Bb7 8. c4
Nbd7 9. Ne5 Rc8 10. Nc3 c5 11. Nxd5 Nxd5 12. cxd5 Bxd5 13. Bxd5 Nxe5 14. Bb7
Rc7 15. Bxe5 Bxe5 16. dxe5 Rxb7 17. Rd1 Rd7 18. Qc2 Qc7 19. Rxd7 Qxd7 20. Rd1
Qe6 21. f4 Qxa2 22. Rd7 e6 23. Kf2 Qa1 24. h4 Qh1 1/2-1/2

[Event "Moscow Aeroflot op-A 18th"]
[Site "Moscow"]
[Date "2019.02.23"]
[Round "5"]
[White "Aryan, Chopra"]
[Black "Paravyan, David"]
[Result "0-1"]
[WhiteElo "2540"]
[BlackElo "2627"]
[PlyCount "152"]
[EventDate "2019.02.20"]
[EventType "swiss"]
[EventRounds "9"]
[EventCountry "RUS"]
[SourceTitle "CBM 189"]
[Source "ChessBase"]
[SourceDate "2019.04.29"]
[SourceVersion "1"]
[SourceVersionDate "2019.04.29"]
[SourceQuality "1"]

1. e4 e5 2. Nf3 Nc6 3. Nc3 Nf6 4. g3 Bc5 5. Bg2 d6 6. d3 a5 7. O-O O-O 8. Na4
Ba7 9. c4 Nd7 10. Nc3 Nc5 11. Be3 Bg4 12. Qd2 Ne6 13. Bxa7 Rxa7 14. Nb5 Ra6 15.
Ne1 Ncd4 16. Nxd4 Nxd4 17. Nc2 Nf3+ 18. Bxf3 Bxf3 19. Qe3 Bh5 20. f4 f6 21.
Rae1 Qd7 22. Qd2 b5 23. Ne3 Bf7 24. Rc1 Rb8 25. Rc2 Be6 26. Rfc1 exf4 27. gxf4
bxc4 28. dxc4 a4 29. Qd4 c5 30. Qd3 Rab6 31. Rb1 Kh8 32. Rd2 Qe8 33. Nd5 R6b7
34. Nc3 h6 35. Rg2 Qc6 36. Rd2 Rb4 37. Qxd6 Qxd6 38. Rxd6 Rxc4 39. Rxe6 Rxc3
40. bxc3 Rxb1+ 41. Kf2 Rb2+ 42. Kg3 Rc2 43. Rc6 Rxc3+ 44. Kg4 Rc2 45. h4 a3 46.
h5 Kh7 47. Rc8 c4 48. Kf5 Rh2 49. Kg4 Rxa2 50. Rxc4 Ra1 51. Kf5 Rh1 52. Ra4
Rxh5+ 53. Kg4 Rb5 54. Rxa3 h5+ 55. Kg3 g5 56. Ra6 Kg7 57. e5 fxe5 58. fxg5 Rb4
59. Kf3 Rf4+ 60. Ke3 Rg4 61. Ra7+ Kg6 62. Ra8 Rxg5 63. Kf3 Rg4 64. Rg8+ Kf5 65.
Rf8+ Kg5 66. Re8 Rf4+ 67. Ke3 Kf5 68. Rf8+ Kg4 69. Rg8+ Kh4 70. Rg7 Rg4 71. Re7
Kg3 72. Rxe5 h4 73. Ke2 h3 74. Kf1 Rf4+ 75. Ke2 h2 76. Rg5+ Rg4 0-1

[Event "Moscow Aeroflot op-A 18th"]
[Site "Moscow"]
[Date "2019.02.23"]
[Round "5"]
[White "Chen, Qi B"]
[Black "Vishnu, Prasanna V"]
[Result "1/2-1/2"]
[WhiteElo "2443"]
[BlackElo "2524"]
[PlyCount "43"]
[EventDate "2019.02.20"]
[EventType "swiss"]
[EventRounds "9"]
[EventCountry "RUS"]
[SourceTitle "CBM 189"]
[Source "ChessBase"]
[SourceDate "2019.04.29"]
[SourceVersion "1"]
[SourceVersionDate "2019.04.29"]
[SourceQuality "1"]

1. e4 c5 2. Nf3 d6 3. d4 cxd4 4. Nxd4 Nf6 5. Nc3 a6 6. h3 e5 7. Nde2 h5 8. Nd5
Nxd5 9. Qxd5 Nc6 10. Be3 Be6 11. Qd2 Rc8 12. Nc3 Be7 13. Be2 Na5 14. b3 Nc6 15.
Nd5 Bxd5 16. exd5 Nd4 17. Bd3 Qd7 18. Bxd4 exd4 19. Qf4 Bf6 20. O-O Be5 21.
Rfe1 Qc7 22. Qf3 1/2-1/2

[Event "Moscow Aeroflot op-A 18th"]
[Site "Moscow"]
[Date "2019.02.23"]
[Round "5"]
[White "Gagare, Shardul"]
[Black "Zhu, Jiner"]
[Result "1/2-1/2"]
[WhiteElo "2495"]
[BlackElo "2442"]
[PlyCount "128"]
[EventDate "2019.02.20"]
[EventType "swiss"]
[EventRounds "9"]
[EventCountry "RUS"]
[SourceTitle "CBM 189"]
[Source "ChessBase"]
[SourceDate "2019.04.29"]
[SourceVersion "1"]
[SourceVersionDate "2019.04.29"]
[SourceQuality "1"]

1. Nf3 Nf6 2. g3 d5 3. Bg2 e6 4. O-O c5 5. d3 Nc6 6. Nbd2 Be7 7. e4 O-O 8. Re1
b5 9. e5 Nd7 10. Nf1 Qc7 11. Bf4 b4 12. Ne3 a5 13. h4 Ba6 14. Ng4 a4 15. Ng5
Qb6 16. c4 bxc3 17. bxc3 Qb2 18. c4 Nb4 19. Re2 Qa3 20. Rd2 Rad8 21. cxd5 Nxd5
22. Bxd5 exd5 23. e6 Bxg5 24. Bxg5 fxe6 25. Bxd8 Rxd8 26. d4 h5 27. Qe1 Re8 28.
Ne5 Nf6 29. dxc5 Qxc5 30. Rc1 Qa7 31. Rdc2 Ne4 32. Kg2 Qd4 33. Nc6 Qf6 34. f3
Nd6 35. Ne5 Nf5 36. Rc6 d4 37. Nd7 Qd8 38. Rxa6 Qxd7 39. Qe4 Ne3+ 40. Kh3 e5+
41. g4 hxg4+ 42. fxg4 Nd5 43. Kg3 Nc3 44. Rxc3 dxc3 45. Ra8 Rxa8 46. Qxa8+ Kh7
47. Qe4+ g6 48. Qc4 e4 49. Qxc3 Qd6+ 50. Kg2 Qf4 51. Qg3 Qd2+ 52. Kh3 Qc1 53.
Qd6 Qh1+ 54. Kg3 Qg1+ 55. Kh3 Qf1+ 56. Kg3 Qf3+ 57. Kh2 Qf7 58. Kg3 e3 59. Qe5
Qf2+ 60. Kh3 Qf3+ 61. Kh2 Qf2+ 62. Kh3 Qf3+ 63. Kh2 Qf2+ 64. Kh3 Qf3+ 1/2-1/2

[Event "Moscow Aeroflot op-A 18th"]
[Site "Moscow"]
[Date "2019.02.23"]
[Round "5"]
[White "Grachev, Boris V"]
[Black "Lobanov, Sergei"]
[Result "1-0"]
[WhiteElo "2626"]
[BlackElo "2526"]
[PlyCount "37"]
[EventDate "2019.02.20"]
[EventType "swiss"]
[EventRounds "9"]
[EventCountry "RUS"]
[SourceTitle "CBM 189"]
[Source "ChessBase"]
[SourceDate "2019.04.29"]
[SourceVersion "1"]
[SourceVersionDate "2019.04.29"]
[SourceQuality "1"]

1. Nf3 d5 2. e3 c5 3. b3 Nc6 4. Bb5 Nf6 5. Ba3 e6 6. Bxc6+ bxc6 7. Nc3 Bd6 8.
Na4 Qe7 9. d4 Nd7 10. O-O cxd4 11. Bxd6 Qxd6 12. exd4 c5 13. c4 Bb7 14. dxc5
Nxc5 15. b4 Nxa4 16. Qxa4+ Bc6 17. Qa6 Qc7 18. Nd4 Bb7 19. Nb5 1-0

[Event "Moscow Aeroflot op-A 18th"]
[Site "Moscow"]
[Date "2019.02.23"]
[Round "5"]
[White "Indjic, Aleksandar"]
[Black "Fier, Alexandr"]
[Result "0-1"]
[WhiteElo "2630"]
[BlackElo "2561"]
[PlyCount "164"]
[EventDate "2019.02.20"]
[EventType "swiss"]
[EventRounds "9"]
[EventCountry "RUS"]
[SourceTitle "CBM 189"]
[Source "ChessBase"]
[SourceDate "2019.04.29"]
[SourceVersion "1"]
[SourceVersionDate "2019.04.29"]
[SourceQuality "1"]

1. d4 Nf6 2. Nf3 e6 3. c4 b6 4. a3 Bb7 5. Nc3 d5 6. Bg5 Be7 7. Qa4+ Qd7 8. Qc2
c5 9. cxd5 Nxd5 10. Ne5 Qd8 11. Bxe7 Qxe7 12. Nxd5 exd5 13. Qa4+ Nc6 14. e3 O-O
15. Nxc6 Qe8 16. dxc5 bxc5 17. Qb5 Qxc6 18. Qxc6 Bxc6 19. Rc1 c4 20. b3 Rab8
21. bxc4 dxc4 22. Bxc4 Bxg2 23. Rg1 Bf3 24. Rg3 Ba8 25. Rg4 Rfc8 26. Rd4 Kf8
27. Kd2 Ke7 28. Kc3 Bc6 29. Rg1 g6 30. h4 Ba4 31. Re4+ Kf8 32. Rf4 Rc7 33. h5
Kg7 34. hxg6 hxg6 35. Kd4 Rb2 36. Rg5 f5 37. e4 Rd7+ 38. Ke5 Re7+ 39. Be6 fxe4
40. Kd6 Reb7 41. Ra5 R2b6+ 42. Ke5 Bc6 43. Kd4 Re7 44. Bd5 Bxd5 45. Kxd5 Rb2
46. Ra4 Rd2+ 47. Kc6 g5 48. Rf5 Kh6 49. Raa5 Rg7 50. Rae5 Rd4 51. Kb5 Rg6 52.
a4 Kh5 53. Rf7 a6+ 54. Ka5 Kh4 55. Rff5 Kg4 56. Rf8 Kh3 57. f3 exf3 58. Rxf3+
Kg4 59. Rf1 Kh5 60. Rh1+ Rh4 61. Rhe1 Rf6 62. R1e4 Kg6 63. Re1 Kh6 64. Rg1 Rg6
65. Rg3 g4 66. Re4 Rh5+ 67. Kb4 Rhg5 68. Kc3 Kh5 69. Kd2 Rb6 70. Ke1 Rb2 71.
Kf1 Rc5 72. Rge3 Kh4 73. Re2 Rxe2 74. Rxe2 Rc4 75. Ra2 Kh3 76. Ra1 Kh2 77. Ra2+
Kh1 78. Kf2 Rc3 79. Ra1+ Kh2 80. Ra2 g3+ 81. Kf1+ Kh1 82. Ra1 Rc2 0-1